Music Quiz

Random Music or State Quiz

State Names in 'Dani California' Quiz Stats

 Plays Quiz Updated Nov 23, 2018

Support Sporcle.
Go Orange.
Score 0/7 Timer 02:00
0 Plays Today
Lyric State Name % Correct
'Black bandana, sweet _____'Louisiana
91.4%
'Gettin' born in the state of ____'Mississippi
90.3%
'____ rest in peace' / '_____ show your teeth'California
84.5%
'In ____ she was swinging hammer'Alabama
83.9%
'Robbin' on a bank in the state of _____'Indiana
78.9%
'Never made it up to _____'Minnesota
63.7%
'_____ man was a gunnin' for the quota'North Dakota
48.8%

You're not logged in!

Compare scores with friends on all Sporcle quizzes.
OR
Log In
Forgot?

From the Vault

'70s TV by Actor

by googlebird

Sadly my intimate knowledge of LOST, Buffy the Vampire Slayer, and Boy Meets World did nothing for me on this quiz.
Remove Ads.
Support Sporcle.
Get the best of Sporcle when you Go Orange. This ad-free experience offers more features, more stats, and more fun while also helping to support Sporcle. Thank you for becoming a member.

Show Comments

Extras

Top Quizzes Today


Score Distribution

Your Account Isn't Verified!

In order to create a playlist on Sporcle, you need to verify the email address you used during registration. Go to your Sporcle Settings to finish the process.

Report this User

Report this user for behavior that violates our Community Guidelines.

Details: